Mit erfolg zu fit in deutsch 2 (Record no. 60020)

MARC details
000 -LÍDER
campo de controle de tamanho fixo 00427 a2200157 4500
001 - NÚMERO DE CONTROLE
campo de controle 60020
020 ## - ISBN - INTERNATIONAL STANDARD BOOK NUMBER
ISBN - International Standard Book Number 9783126763356
040 ## - FONTE DA CATALOGAÇÃO
Instituição que transcreveu o registro Anchieta - Pituba
100 ## - ENTRADA PRINCIPAL--NOME PESSOAL
Nome pessoal Vavatzanidis, Karin
240 10 - TÍTULO UNIFORME
Título uniforme Mit erfolg zu fit in deutsch 2
Idioma da obra por
245 10 - TÍTULO
Título Mit erfolg zu fit in deutsch 2
300 ## - DESCRIÇÃO FÍSICA
Extensão 68
362 0# - DATAS DE PUBLICAÇÃO E/OU DESIGNAÇÃO SEQUENCIAL
Datas de publicação e/ou designação sequencial 2012
650 #4 - ASSUNTO--TERMO TÓPICO
Cabeçalho tópico ou nome geográfico Uso padrão da língua alemã (prescptiva linguística - proficiência alemã)
942 ## - ELEMENTOS DE ENTRADA ADICIONADOS (KOHA)
Tipo de material Koha Livros
Holdings
Situação do descarte Situação das perdas Situação física Não pode ser emprestado Biblioteca de origem Biblioteca atual Data de aquisição Total de empréstimos Número de chamada completo Código de barras Data de último acesso Data do preço efetivo Tipo de material Koha
        Colégio Anchieta - Pituba Colégio Anchieta - Pituba 21/11/2023   438 J33m JAN MIT 11541/PIT 21/11/2023 21/11/2023 Livros